00421 a2200109 4500001001000000005001700010008004100027245005200068100002200120773015200142999001700294ART_4085220260410161935.0260409a 10aLa profundidad del sistema financiero argentino1 aPogliani, Gabriel0 tBoletin del Consejo Profesional de Ciencias Económicas de la Provincia de Santa Fe (camara segunda)g- Año XXVII, Nº 329 (dic. 2016)wREV25058 c28920d28920